000 00814nam a22002533a 4500
005 20230203063704.0
008 010531s1999 mx fr 000 0 spa d
020 _a8478691103
035 _aUPN01000116989
049 _aCG
050 4 _aLB1131
_bP7.6 no.22
100 1 _aYuste Hernanz, Carlos
_929510
245 1 0 _aMemoria y estrategias de aprendizaje /
_cCarlos Yuste Hernanz, Juan Miguel S. Quiros.
260 _aMadrid :
_bCEPE,
_c1999.
300 _a96 p. :
_bil.
440 0 _aProgresint ;
_v22
500 _a"E. Primaria 4º- 5º- 6º. Nivel 3"
500 _a"Programas para la estimulación de las habilidades de la inteligencia"
650 4 _aMemoria
_95324
650 4 _aMEMORIZACION
_921706
650 4 _aAprendizaje activo
_91351
700 1 _aQuiros, Juan Miguel S.,
_ecoaut.
905 _aLibro
999 _c89617
_d89617